000 00537nam a2200229Ia 4500
003 OSt
005 20220912144326.0
006 a|||||r|||| 00| 0
007 ta
008 220909b |||||||| |||| 00| 0 eng d
020 _aSL01027910
024 _a196174
037 _cTextual
040 _aCSL
_beng
_cCSL
041 _aeng
082 _aY7:1, N6
100 _aRaha Mk
245 0 _aDimensions of human society and culture
700 _aRaha Mk
942 _hY7:1, N6
_cTEXL
_2CC
999 _c4959
_d4959